Loading...
| Fine Arts - Classical Music | 6 | 16.67 | 100% | 33% | 33% |
| Fine Arts - Other Fine Arts | 6 | 18.33 | 67% | 67% | 50% |
| Fine Arts - Visual Fine Arts | 4 | 27.50 | 100% | 75% | 100% |
| Geography/Current Events | 1 | 10.00 | 0% | 100% | 0% |
| History - American History | 7 | 17.14 | 100% | 57% | 14% |
| History - European History | 8 | 16.25 | 75% | 75% | 13% |
| History - Other History | 5 | 26.00 | 100% | 80% | 80% |
| History - World History | 3 | 23.33 | 100% | 67% | 67% |
| Literature - American Literature | 6 | 18.33 | 100% | 50% | 33% |
| Literature - British Literature | 7 | 15.71 | 100% | 29% | 29% |
| Literature - European Literature | 7 | 10.00 | 86% | 14% | 0% |
| Literature - World/Other Literature | 2 | 10.00 | 100% | 0% | 0% |
| Mythology | 7 | 12.86 | 86% | 43% | 0% |
| Other Academic | 3 | 13.33 | 67% | 33% | 33% |
| Philosophy | 7 | 7.14 | 57% | 14% | 0% |
| Pop Culture | 2 | 20.00 | 100% | 100% | 0% |
| Religion | 5 | 16.00 | 100% | 60% | 0% |
| Science - Biology | 9 | 16.67 | 78% | 56% | 33% |
| Science - Chemistry | 3 | 13.33 | 100% | 33% | 0% |
| Science - Other Science | 6 | 11.67 | 100% | 0% | 17% |
| Science - Physics | 4 | 12.50 | 100% | 0% | 25% |
| Social Science | 6 | 10.00 | 83% | 17% | 0% |